| 000 | 00512nam a22001577a 4500 | ||
|---|---|---|---|
| 082 | _aT-94 | ||
| 100 |
_aAbdul Waheed, Major _948511 |
||
| 245 |
_aCombination / Mixes of Sand, Cement and Polythene, for Compacted Clay Liner in Arid / Semi Arid Regions _cAbdul Waheed |
||
| 260 |
_aRisalpur _bMCE _c13-03-2001 |
||
| 300 | _aXIV, 191 p.: | ||
| 526 |
_a0 _b0 _c0 _dT_94 |
||
| 650 |
_aMaster of Science _948512 |
||
| 650 |
_aThesis _934811 |
||
| 700 |
_aCol Syed Mohammad Jamil, PhD (USA) _948513 |
||
| 942 |
_2ddc _cBK |
||
| 999 |
_c551432 _d551432 |
||